The house of shadows / (Record no. 21658)

MARC details
000 -LEADER
fixed length control field 01426nam a2200289u 4500
005 - DATE AND TIME OF LATEST TRANSACTION
control field 00000000000000.0
008 - FIXED-LENGTH DATA ELEMENTS--GENERAL INFORMATION
fixed length control field 810522s1962 nyua j 000 0 eng
010 ## - LCCN (DPL NO)
LC control number B-345557-559
020 ## - INTERNATIONAL STANDARD BOOK NUMBER
International Standard Book Number 9780746062272
Terms of availability 65.00
035 ## - SYSTEM CONTROL NUMBER
System control number B-345557-559
037 ## - SOURCE OF ACQUISITION
Source of stock number/acquisition Tarun Books
040 ## - CATALOGING SOURCE
Original cataloging agency dpl
Language of cataloging English
082 ## - DEWEY DECIMAL CLASSIFICATION NUMBER
Classification number S
100 ## - MAIN ENTRY--PERSONAL NAME
Personal name Dolby, Karen
245 ## - TITLE STATEMENT
Title The house of shadows /
Statement of responsibility, etc by Karen Dolby; adapted by Katie Daynes; illustrated by Adrienne Kern
260 ## - PUBLICATION, DISTRIBUTION, ETC. (IMPRINT)
Place of publication, distribution, etc London
Name of publisher, distributor, etc Usborne Publishing
Date of publication, distribution, etc 2004
270 ## - ADDRESS
Address Usborne House, 83-85 Saffron Hill,
City London
300 ## - PHYSICAL DESCRIPTION
Extent 64p.
Other physical details ill.
Dimensions 20cm (pbk)
490 ## - SERIES STATEMENT
Series statement Usborne young reading; edited by Lesley Sims
Volume number/sequential designation series two
700 ## - ADDED ENTRY--PERSONAL NAME
Personal name Daynes, Katie
700 ## - ADDED ENTRY--PERSONAL NAME
Personal name Kern, Adrienne
942 ## - ADDED ENTRY ELEMENTS (KOHA)
Source of classification or shelving scheme Dewey Decimal Classification
Item type Children Books
Classification part S
Call number suffix DOL
Holdings
Withdrawn status Lost status Source of classification or shelving scheme Damaged status Not for loan Collection code Home library Current library Date acquired Source of acquisition Cost, normal purchase price Total Checkouts Full call number Barcode Date last seen Copy number Cost, replacement price Koha item type
    Dewey Decimal Classification     Fiction Central Library Central Library 20/01/2009 Tarun Books/3947/21.5.09/13/23.4.09/4.7.09 65.00   S DOL B-345557 20/01/2009 1 65.00 Children Books
    Dewey Decimal Classification     Fiction Sarojini Nagar Sarojini Nagar 21/10/2009 Tarun Books/3947/21.5.09/13/23.4.09/4.7.09 65.00   S DOL B-345558 21/10/2009 1 65.00 Children Books
    Dewey Decimal Classification     Fiction Vinoba Puri Vinoba Puri 21/10/2009 Tarun Books/3947/21.5.09/13/23.4.09/4.7.09 65.00 9 S DOL B-345559 24/03/2018 1 65.00 Children Books

© Delhi Public Library
Hit Counter
free hit counter